| 000 | 00887nmc a2200337 a 4500 | ||
|---|---|---|---|
| 003 | AR-BaBNM | ||
| 005 | 20251128205343.0 | ||
| 008 | 177019s1988 ||||||||||||||000 | spa|| | ||
| 020 | _a84-207-3219-2 | ||
| 040 | _cAR-BaBNM | ||
| 100 | 1 | _aRamos Gómez, Luis J. | |
| 245 | 1 | 0 | _aPoblamiento y prehistoria de América |
| 250 | _a1ª ed. | ||
| 260 |
_aMadrid _bAnaya _c1988 |
||
| 300 | 0 |
_a126 p. _bil., láms. |
|
| 490 | 0 |
_aBiblioteca iberoamericana _vv. 61 |
|
| 504 | _aBibliografía para consultar p. 125. | ||
| 650 | 4 | _aPREHISTORIA | |
| 650 | 4 | _aPOBLACIONES | |
| 650 | 4 | _aHOMBRE PREHISTORICO | |
| 650 | 4 | _aERAS GEOLOGICAS | |
| 650 | 4 | _aAGRICULTURA | |
| 650 | 4 | _aINDUSTRIA | |
| 651 | 4 | _aPerú | |
| 651 | 4 | _aMéxico | |
| 651 | 4 | _aAmérica Latina | |
| 700 | 1 | _aBlasco Bosqued, Concepción | |
| 800 | 1 |
_aRoche, Antonio _edirector |
|
| 942 | _cBK | ||
| 998 | _cmariana | ||
| 999 |
_c11060 _d11060 |
||